书目信息 |
| 题名: |
南北爿山保护区动植物资源
|
|
| 作者: | 张永普 著 | |
| 分册: | ||
| 出版信息: | 杭州 浙江科学技术出版社 2020.9 |
|
| 页数: | 175页 | |
| 开本: | 26cm | |
| 丛书名: | ||
| 单 册: | ||
| 中图分类: | Q958.525.54 | |
| 科图分类: | ||
| 主题词: | 海洋--自然保护区--动物资源--调查报告--洞头区 , 海洋--自然保护区--植物资源--调查报告--洞头区 | |
| 电子资源: | ||
| ISBN: | 978-7-5341-9228-9 | |
| 000 | 01122nam0 2200241 45 | |
| 001 | 012001002768 | |
| 005 | 20141008114313.0 | |
| 010 | @a978-7-5341-9228-9@dCNY88.00 | |
| 100 | @a20201125d2020 km y0chiy50 ea | |
| 101 | 0 | @achi |
| 102 | @aCN@b330000 | |
| 105 | @aa z 000yy | |
| 106 | @ar | |
| 200 | 1 | @a南北爿山保护区动植物资源@Anan bei pan shan bao hu qu dong zhi wu zi yuan@f张永普[等]著 |
| 210 | @a杭州@c浙江科学技术出版社@d2020.9 | |
| 215 | @a175页@c图@d26cm | |
| 330 | @a本书是对温州洞头南北爿山省级海洋特别保护区动植物资源长期监测调查的成果总结。全书分为植物和动物两部分内容:植物部分包括陆生植物资源与种类组成、陆生植物主要植被类型分析、陆生植物名录、部分陆生植物图集,共记录陆生植物66科168属214种(包括种下等级);动物部分共记录潮间带大型底栖动物43科55属61种,游泳动物34科49属58种,两栖动物1科1属1种,爬行运动4科4属4种,鸟类34科53属79种。 | |
| 606 | 0 | @a海洋@x自然保护区@x动物资源@x调查报告@y洞头区 |
| 606 | 0 | @a海洋@x自然保护区@x植物资源@x调查报告@y洞头区 |
| 690 | @aQ958.525.54@v5 | |
| 701 | 0 | @a张永普@Azhang yong pu@4著 |
| 801 | 0 | @aCN@bBJSDL@c20211018 |
| 905 | @b1344818-21@dQ958.525.54@e354@f4 | |
| 南北爿山保护区动植物资源/张永普[等]著.-杭州:浙江科学技术出版社,2020.9 |
| 175页:图;26cm |
| ISBN 978-7-5341-9228-9:CNY88.00 |
| 本书是对温州洞头南北爿山省级海洋特别保护区动植物资源长期监测调查的成果总结。全书分为植物和动物两部分内容:植物部分包括陆生植物资源与种类组成、陆生植物主要植被类型分析、陆生植物名录、部分陆生植物图集,共记录陆生植物66科168属214种(包括种下等级);动物部分共记录潮间带大型底栖动物43科55属61种,游泳动物34科49属58种,两栖动物1科1属1种,爬行运动4科4属4种,鸟类34科53属79种。 |
| ● |
| 相关链接 |
|
|
|
|
正题名:南北爿山保护区动植物资源
索取号:Q958.525.54/354
 
预约/预借
| 序号 | 登录号 | 条形码 | 馆藏地/架位号 | 状态 | 备注 |
| 1 | 1344818 | 213448189 | 第二样本阅览室/ [索取号:Q958.525.54/354] | 在馆 | |
| 2 | 1344819 | 213448198 | 第三借阅区/ [索取号:Q958.525.54/354] | 在馆 | |
| 3 | 1344820 | 213448205 | 第三借阅区/ [索取号:Q958.525.54/354] | 在馆 | |
| 4 | 1344821 | 213448214 | 第三借阅区/ [索取号:Q958.525.54/354] | 在馆 |